000 00444nam a2200169 a 4500
005 20210223120406.0
008 991125s1994 mx 000 0 spa u
020 _a968738400X
035 _aUPN01000000071
049 _aCG
050 4 _aPN4968
_bV44
245 0 0 _a25 Años en la información.
260 _aMéxico :
_bNOTIMEX,
_c1994.
300 _a201 p. :
_bil. (algunas col.)
650 4 _aAGENCIAS DE NOTICIAS -
_zMEXICO
_92241
905 _aLibro
999 _c71
_d71